Movies Quiz

Random Movies Quiz
Score 0/30 Timer 10:00
0 Plays Today
% Correct
Goodfellas
96.3%
Taxi Driver
94.4%
Casino
88.9%
Raging Bull
85.2%
Heat
83.3%
The Deer Hunter
83.3%
The Godfather: Part 2
77.8%
Analyze This
75.9%
Cape Fear
75.9%
Meet the Fockers
74.1%
Meet the Parents
70.4%
The Untouchables
66.7%
The Intern
64.8%
Once Upon a Time in America
64.8%
Limitless
61.1%
% Correct
Mean Streets
61.1%
Dirty Grandpa
59.3%
Midnight Run
53.7%
Silver Linings Playbook
51.9%
A Bronx Tale
51.9%
Brazil
48.1%
Sleepers
48.1%
Joy
46.3%
The Mission
42.6%
Angel Heart
40.7%
This Boy's Life
38.9%
Everybody's Fine
31.5%
Ronin
31.5%
Greetings
14.8%
1900
11.1%
Come Together.
Have Fun.
All Virtual.
We all need to come together. Play Sporcle's virtual live trivia to have fun, connect with people, and get your trivia on. Join a live hosted trivia game for your favorite pub trivia experience done virtually. If a virtual private party is more your thing, go here for details.

You're not logged in!

Compare scores with friends on all Sporcle quizzes.
OR
Log In

Sporcle TV

Today on Sporcle TV


Watch our educational content, quiz creation guides, and fun videos on Sporcle TV.

Show Comments

Extras

Created Jan 17, 2016ReportNominate
Tags:niro, Robert, Robert De Niro

Top Quizzes Today


Score Distribution

Paid Content

Your Account Isn't Verified!

In order to create a playlist on Sporcle, you need to verify the email address you used during registration. Go to your Sporcle Settings to finish the process.

Report this User

Report this user for behavior that violates our Community Guidelines.

Details: